000 00582nam a2200205Ia 4500
005 20260429112216.0
008 260429s9999||||xx |||||||||||||| ||und||
020 _a9789385166068
041 _aEnglish
082 _a547
_bAHL
100 _aAhluwalia, V.K.
245 0 _aChemistry of natural products :
_bamino acids, peptides, proteins, and enzymes /
_cV.K. Ahluwalia
260 _aNew Delhi :
_bAne Books,
_c2024.
300 _a260 p.; hb
650 _a Organic chemistry
650 _aChemistry
700 _a Kumar, Lalita S.
700 _a Kumar, Sanjiv
942 _cTB
999 _c52904
_d52904